000 00735 a2200253 4500
003 0
005 20160609140902.0
008 111121t xxu||||| |||| 00| 0 eng d
020 _a2-09-190-567-4
040 _aBUAC
_bFre
_cB/EPAC
041 _aFre
100 _ade Singly, Françoise
_920231
130 _lFr.
_920233
245 _aL'Enquête et ses méthodes :
_b le questionnaire
_c /Françoise de singly
260 _aParis
_bEd. Nathan Université,
_c1992
300 _a126 p.
_c18 cm.
440 _a(Sociologie
_n128)
_920235
504 _aComprend Bibliogr. p. 124 - 126
630 _aSCIENCES SOCIALES
_920236
650 _aRecherche : sociologie
_920238
942 _cLIVR
999 _c10157
_d10157